00641nam a2200157 a 4500003000200000005001700002008004100019050003000060100002200090245010600112260009000218300004000308504004100348600006100389650003300450020250208104039.0130123s19uu xx 00 eng d aPHS NX 180.S6b.M561 2012 aMeriguet, Louise. aThe influence of societal issues to Andy Warhol's works as interpreted in his art /cLouise Meriguet. aLas Piñas City, Philippines :bSouthville International School and Colleges,c2012. a38 pages :billustrations ;c28 cm. aIncludes bibliographical references. aWarhol, Andy, -- 1928-1987xCriticism and interpretation aArts, Americanx20th century